Педагогические технологии активизации обучения в высшей школе: учебное пособие

Manylion Llyfryddiaeth
Prif Awdur: Смышляева Л. Г. Лариса Германовна
Awdur Corfforaethol: Томский политехнический университет (ТПУ)
Awduron Eraill: Сивицкая Л. А. Людмила Анатольевна
Crynodeb:Заглавие с титульного экрана
Электронная версия печатной публикации
В пособии рассматриваются теоретико-методологические основы использования педагогических технологий активизации обучения в высшей школе, раскрыты их сущностно-процессуальные характеристики и особенности. Содержание издания представляет возможности педагогических технологий активизации обучения для инновационного развития высшего профессионального образования. Предназначено для слушателей дополнительной профессиональной образовательной программы получения дополнительной квалификации «Преподаватель высшей школы» и курсов повышения квалификации педагогических кадров, студентов педагогических специальностей, преподавателей высших учебных заведений, аспирантов
Режим доступа: из корпоративной сети ТПУ
Iaith:Rwseg
Cyhoeddwyd: Томск, Изд-во ТПУ, 2009
Pynciau:
Mynediad Ar-lein:http://www.lib.tpu.ru/fulltext2/m/2009/m172.pdf
Fformat: MixedMaterials Electronig Llyfr
KOHA link:https://koha.lib.tpu.ru/cgi-bin/koha/opac-detail.pl?biblionumber=173423

MARC

LEADER 00000nlm0a2200000 4500
001 173423
005 20231101223111.0
035 |a (RuTPU)RU\TPU\book\188083 
090 |a 173423 
100 |a 20091224d2009 m y0rusy50 ca 
101 0 |a rus 
102 |a RU 
105 |a y j 001zy 
135 |a vrcn ---uucaa 
181 0 |a i  
182 0 |a b 
200 1 |a Педагогические технологии активизации обучения в высшей школе  |b Электронный ресурс  |e учебное пособие  |f Л. Г. Смышляева, Л. А. Сивицкая  |g Томский политехнический университет (ТПУ) 
203 |a Текст  |c электронный 
210 |a Томск  |c Изд-во ТПУ  |d 2009 
230 |a 1 компьютерный файл (pdf; 1623 KB) 
300 |a Заглавие с титульного экрана 
300 |a Электронная версия печатной публикации 
330 |a В пособии рассматриваются теоретико-методологические основы использования педагогических технологий активизации обучения в высшей школе, раскрыты их сущностно-процессуальные характеристики и особенности. Содержание издания представляет возможности педагогических технологий активизации обучения для инновационного развития высшего профессионального образования. Предназначено для слушателей дополнительной профессиональной образовательной программы получения дополнительной квалификации «Преподаватель высшей школы» и курсов повышения квалификации педагогических кадров, студентов педагогических специальностей, преподавателей высших учебных заведений, аспирантов 
333 |a Режим доступа: из корпоративной сети ТПУ 
337 |a Adobe Reader 
452 1 |0 (RuTPU)RU\TPU\book\182265  |y 5-98298-456-6  |t Педагогические технологии активизации обучения в высшей школе  |o учебное пособие  |f Л. Г. Смышляева, Л. А. Сивицкая  |g Томский политехнический университет (ТПУ)  |e 2-е изд.  |c Томск  |n Изд-во ТПУ  |d 2009  |p 190 с.  |s Учебники Томского политехнического университета  |a Смышляева, Лариса Германовна 
606 1 |a Дидактика  |x Высшее образование  |2 stltpush  |3 (RuTPU)RU\TPU\subj\9461  |9 36705 
610 1 |a образование 
610 1 |a педагогика 
610 1 |a высшая школа 
610 1 |a вузы 
610 1 |a высшее образование 
610 1 |a педагогические технологии 
610 1 |a активизация 
610 1 |a обучение 
610 1 |a компетентностный подход 
610 1 |a преподаватели 
610 1 |a образовательные технологии 
610 1 |a контекстное обучение 
610 1 |a проблемное обучение 
610 1 |a игровые технологии 
610 1 |a дискуссионные методы 
610 1 |a учебные пособия 
610 1 |a труды учёных ТПУ 
610 1 |a электронный ресурс 
686 |a Ч481.22я73  |v LBC/SL-A  |2 rubbk 
700 1 |a Смышляева  |b Л. Г.  |g Лариса Германовна 
701 1 |a Сивицкая  |b Л. А.  |c лингвист  |c доцент Томского политехнического университета, кандидат педагогических наук  |f 1958-  |g Людмила Анатольевна  |2 stltpush  |3 (RuTPU)RU\TPU\pers\24744 
712 0 2 |a Томский политехнический университет (ТПУ)  |c (1991- )  |2 stltpush  |3 (RuTPU)RU\TPU\col\376 
801 1 |a RU  |b 63413507  |c 20091224 
801 2 |a RU  |b 63413507  |c 20151214  |g RCR 
856 4 |u http://www.lib.tpu.ru/fulltext2/m/2009/m172.pdf 
900 |a Дидактика инженерного образования 
942 |c CF